000 00337pam a2200157a 44500
008 230515b1984 xxu||||| |||| 00| 0 eng d
020 _aNULL
041 _aENGLISH
082 _aN.D.
100 _aGrob Bernard
245 _aBasic Electronic
250 _a0
260 _aNULL
_bMcgraw Hill
_c1984
300 _a737
650 _aNULL
999 _c570700
_d570700